| 000 | 00824cam a22002773a 4500 | ||
|---|---|---|---|
| 001 | 29104 | ||
| 003 | PGUSA | ||
| 005 | 20140828083629.0 | ||
| 008 | 090612s2009||||xxu|||||s|||||000 1 eng d | ||
| 040 |
_aPGUSA _beng |
||
| 042 | _adc | ||
| 050 | 4 | _aPS | |
| 100 | 1 |
_aBartlett, Frederick Orin, _d1876-1945 |
|
| 245 | 1 | 4 |
_aThe Web of the Golden Spider _h[electronic resource] / _cFrederick Orin Bartlett |
| 260 |
_bProject Gutenberg, _c2009 |
||
| 506 | _aPublic domain in the USA. | ||
| 516 | _aElectronic text | ||
| 653 | _aAdventure stories | ||
| 653 | _aLove stories | ||
| 653 | _aTreasure troves -- Fiction | ||
| 700 | 1 |
_aFisher, Harrison, _d1875-1934 |
|
| 700 | 1 |
_aRelyea, C. M. _q(Charles M.), _d1863-1932 |
|
| 830 | 0 |
_aProject Gutenberg _v29104 |
|
| 856 | 4 | 0 | _uhttp://www.gutenberg.org/ebooks/29104 |
| 942 | _cEB | ||
| 999 |
_c258359 _d258359 |
||